Sustainable changes in decision-making caused by the Covid-19 pandemic bakalárska práca

Na minha lista:
Detalhes bibliográficos
Autor principal: Mifkovič, Jakub
Autor Corporativo: Fakulta podnikového manažmentu EU. Katedra manažmentu
Outros Autores: Mišún, Juraj, 1978-
Formato: Livro
Idioma:inglês
Publicado em: Bratislava 2024
Tags: Adicionar Tag
Sem tags, seja o primeiro a adicionar uma tag!

MARC

LEADER 00000nbm a2200000 4500
001 0301887
005 20250210093826.2
041 0 |a eng 
044 |a SK 
245 1 0 |a Sustainable changes in decision-making caused by the Covid-19 pandemic  |b bakalárska práca  |c Jakub Mifkovič ; školiteľ: Juraj Mišún 
264 1 |a Bratislava  |c 2024 
300 |a 80 s. 
100 1 |a Mifkovič, Jakub 
700 1 |a Mišún, Juraj, 1978- 
710 2 |a Fakulta podnikového manažmentu EU. Katedra manažmentu